04-宮城県の市町村クイズ(1999年) - Statistics

General Stats
  • This quiz has been taken 183 times
  • The average score is 44 of 71
Answers on the Map
Answers color-coded by a green-red scale on the quiz's map according to % correct below.
 
Answer Stats
Answer % Correct
石巻いしのまき
89%
気仙沼けせんぬま
89%
仙台せんだい
89%
女川おながわちょう
87%
蔵王ざおうまち
87%
白石しろいし
87%
七ヶ宿しちかしゅくまち
85%
塩竈しおがま
84%
岩沼いわぬま
83%
川崎かわさきまち
83%
七ヶ浜しちがはままち
83%
多賀城たがじょう
83%
富谷とみやまち
83%
牡鹿おしかちょう
81%
角田かくだ
81%
名取なとり
81%
亘理わたりちょう
81%
大衡おおひらむら
80%
色麻しかまちょう
80%
松島まつしままち
80%
大河原おおがわらまち
79%
大和たいわちょう
79%
丸森まるもりまち
79%
柴田しばたまち
77%
村田むらたまち
77%
山元やまもとちょう
77%
鳴子なるこちょう
76%
利府りふちょう
75%
涌谷わくやちょう
73%
栗駒くりこままち
72%
大郷おおさとちょう
69%
唐桑からくわちょう
69%
古川ふるかわ
69%
志津川しづがわちょう
61%
岩出山いわでやままち
60%
小牛田こごたちょう
60%
歌津うたつちょう
59%
本吉もとよしちょう
59%
鹿島台かしまだいまち
57%
矢本やもとちょう
57%
花山はなやまむら
55%
鶯沢うぐいすざわちょう
53%
金成かんなりちょう
52%
中新田なかにいだまち
52%
鳴瀬なるせちょう
52%
雄勝おがつちょう
51%
石越いしこしまち
48%
登米とよままち
48%
小野田おのだまち
47%
田尻たじりちょう
47%
桃生ものうちょう
47%
一迫いちはさまちょう
45%
三本木さんぼんぎちょう
45%
宮崎みやざきちょう
45%
築館つきだてちょう
44%
河南かなんちょう
43%
北上きたかみまち
43%
志波姫しわひめちょう
43%
松山まつやままち
43%
瀬峰せみねちょう
41%
東和とうわちょう
41%
はさまちょう
41%
河北かほくちょう
37%
南郷なんごうちょう
37%
若柳わかやなぎちょう
37%
津山つやまちょう
35%
高清水たかしみずまち
33%
豊里とよさとちょう
32%
中田なかだちょう
32%
南方みなみかたまち
31%
米山よねやまちょう
31%
No matching quizzes found
Score Distribution
Percent of People with Each Score
Percentile by Number Answered
Your Score History
You have not taken this quiz